LEADER 01212nam a2200265 u 4500 001 000000039545 003 CaOOAMICUS 005 20070226114013.0 008 980515s1910 it u000 u ita u 035 $a10794779 040 $aPUL(R)$bita 100 1 $aCarusi, Evaristo,$d1866-1940.$0(OLS)http://pul/name/521 245 10$aDiritti reali :$bschema di lezioni di diritto romano (anno accademico 1909-1910) /$cEvaristo Carusi. 260 $aRoma :$bTip. Innocenzo Artero,$c1910. 300 $a22 p. ;$c24 cm 500 $aIn testa al front.: P. Facoltà giuridica dell'Apollinare. 650 4$aDiritto romano.$0(OLS)http://pul/subject/382 710 2 $aP. Seminario Romano per gli studi giuridici in S. Apollinare.$0(OLS)http://pul/name/29401 850 $aPUL 852 $aPUL$W1$xSL Diritto e Scienze Sociali 1$y4$m183 H 26(int.1)$j53809$nBK-PRI$b $qStampati$B53809$CPULBib$Z2$F53809 $H $81 941 1 $a8 960 $aRoman law$9382 960 $aRoman law$9382 996 $6245$aDiritti reali :$bschema di lezioni di diritto romano (anno accademico 1909-1910)$9(OLS)http://pul/title/53528 996 $6260$aRoma :$bTip. Innocenzo Artero$9(OLS)http://pul/publisher/64065 LEADER 01496nam a2200325 a 4500 001 000000162260 003 CaOOAMICUS 005 20170725094632.0 008 170725s2017 bl u000 u por r 020 $a978-85-7785-523-0* 032 $aLibriCat 040 $aPUL$bita 082 04$a268 245 00$aBiblia e catequese :$bfé em dialogo pela educação e pela paz /$cLeonardo Agostini Fernandes (org.), Giuseppina Battista, Gonzalo Arturo Bravo Alvarez. 260 $aRio de Janeiro :$bLetra Capital,$c2017$aRio de Janeiro :$bPUC Rio 300 $a125 p. ;$c23 cm. 504 $aBibliografia nelle note. 650 4$aCatechesi.$0(OLS)http://pul/subject/4492 700 1 $aBravo Alvarez, Gonzalo Arturo,$d1962-$0(OLS)http://pul/name/71000 700 1 $aAgostini Fernandes, Leonardo.$0(OLS)http://pul/name/70998 700 1 $aBattista, Giuseppina,$d1946-$0(OLS)http://pul/name/17165 850 $aPUL 852 $aPUL$W1$xSL Religione 3$y85$m268 AGOLE 1$j186247$qDDC 21$B189468$CPULBib$Z2$F189468 $H130046 $81 941 1 $a9 996 $6020$a978-85-7785-523-0*$9(OLS)http://pul/number/163051 996 $6082$a268$9(OLS)http://pul/classification/662 996 $6245$aBiblia e catequese :$bfé em dialogo pela educação e pela paz$9(OLS)http://pul/title/202026 996 $6260$aRio de Janeiro :$bLetra Capital$9(OLS)http://pul/publisher/86406 996 $6260$aRio de Janeiro :$bPUC Rio$9(OLS)http://pul/publisher/86407